Gigantomachia. Convergenze e divergenze tra Platone e Aristotele, éd. M. Migliori, coll. Filosofia n.s. 9, Brescia, Morcelliana, 2002, 21x15, 480 p., 32.50 €. ISBN 88-372-1910-5 (notice n° 1620777)
[ vue normale ]
| 000 -LEADER | |
|---|---|
| fixed length control field | 00587cam a2200133 4500500 |
| 005 - DATE AND TIME OF LATEST TRANSACTION | |
| control field | 20260111091251.0 |
| 041 ## - LANGUAGE CODE | |
| Language code of text/sound track or separate title | fre |
| 042 ## - AUTHENTICATION CODE | |
| Authentication code | dc |
| 245 00 - TITLE STATEMENT | |
| Title | Gigantomachia. Convergenze e divergenze tra Platone e Aristotele, éd. M. Migliori, coll. Filosofia n.s. 9, Brescia, Morcelliana, 2002, 21x15, 480 p., 32.50 €. ISBN 88-372-1910-5 |
| 260 ## - PUBLICATION, DISTRIBUTION, ETC. | |
| Date of publication, distribution, etc. | 2005.<br/> |
| 500 ## - GENERAL NOTE | |
| General note | 49 |
| 786 0# - DATA SOURCE ENTRY | |
| Note | Nouvelle revue théologique | 127 | 4 | 2005-12-15 | p. 666l-679l | 0029-4845 |
| 856 41 - ELECTRONIC LOCATION AND ACCESS | |
| Uniform Resource Identifier | <a href="https://shs.cairn.info/revue-nouvelle-revue-theologique-2005-4-page-666l?lang=fr&redirect-ssocas=7080">https://shs.cairn.info/revue-nouvelle-revue-theologique-2005-4-page-666l?lang=fr&redirect-ssocas=7080</a> |
Pas d'exemplaire disponible.




Réseaux sociaux